Tecnicas hidrotermales aplicadas a la estetica / (Registro nro. 11479)
[ vista simple ]
| 000 -LEADER | |
|---|---|
| fixed length control field | 01181nam a2200301 4500 |
| 001 - CONTROL NUMBER | |
| control field | 0000023014 |
| 003 - CONTROL NUMBER IDENTIFIER | |
| control field | CO-CtgCURN |
| 005 - DATE AND TIME OF LATEST TRANSACTION | |
| control field | 20250329191025.0 |
| 007 - PHYSICAL DESCRIPTION FIXED FIELD--GENERAL INFORMATION | |
| fixed length control field | ta |
| 008 - FIXED-LENGTH DATA ELEMENTS--GENERAL INFORMATION | |
| fixed length control field | 160627s2000 000 0 eng d |
| 020 ## - INTERNATIONAL STANDARD BOOK NUMBER | |
| International Standard Book Number | 8428326916 |
| 040 ## - CATALOGING SOURCE | |
| Original cataloging agency | CO-CtgCURN |
| Language of cataloging | spa |
| Transcribing agency | coctgcurn |
| 082 0# - DEWEY DECIMAL CLASSIFICATION NUMBER | |
| Classification number | 646.726 |
| Item number | A639t |
| 100 1# - MAIN ENTRY--PERSONAL NAME | |
| Personal name | Aparicio Rivero, juana. |
| 245 10 - TITLE STATEMENT | |
| Title | Tecnicas hidrotermales aplicadas a la estetica / |
| Statement of responsibility, etc. | juana Aparicio Rivero. |
| 260 ## - PUBLICATION, DISTRIBUTION, ETC. | |
| Place of publication, distribution, etc. | Madrid : |
| Name of publisher, distributor, etc. | Paraninfo, |
| Date of publication, distribution, etc. | 2000. |
| 300 ## - PHYSICAL DESCRIPTION | |
| Extent | xi, 161p. |
| 336 ## - CONTENT TYPE | |
| Source | rdacontent |
| 337 ## - MEDIA TYPE | |
| Source | rdamedia |
| Media type term | sin mediacion |
| Media type code | n |
| 338 ## - CARRIER TYPE | |
| Source | rdacarrier |
| Carrier type term | volumen |
| Carrier type code | nc |
| 500 ## - GENERAL NOTE | |
| General note | Incluye indice de contenido. |
| 505 8# - FORMATTED CONTENTS NOTE | |
| Formatted contents note | El termalismo y su aplicacion en estetica apuntes historicos.-- Agentes hidrotermales.--Tecnicas hidrotermales.--Cosmetica natural.--Tecnicas hidrotermales y su relacion con la estetica.--Descripcion de los aceites esenciales mas utilizados en estetica |
| 650 14 - SUBJECT ADDED ENTRY--TOPICAL TERM | |
| Topical term or geographic name entry element | Educación estetica. |
| 908 ## - PUT COMMAND PARAMETER (RLIN) | |
| Put command parameter | 160627 |
| 942 ## - ADDED ENTRY ELEMENTS (KOHA) | |
| Koha item type | Libros |
| Classification part | 646.726 |
| Item part | A639t |
| Source of classification or shelving scheme | Dewey Decimal Classification |
| Withdrawn status | Lost status | Source of classification or shelving scheme | Damaged status | Not for loan | Collection | Home library | Current library | Shelving location | Date acquired | Inventory number | Total checkouts | Full call number | Barcode | Date last seen | Copy number | Price effective from | Koha item type | Public note |
|---|---|---|---|---|---|---|---|---|---|---|---|---|---|---|---|---|---|---|
| Dewey Decimal Classification | General | Miguel Henríquez Emiliani | Miguel Henríquez Emiliani | General | 03/29/2025 | 012539 | 646.726 A639t | 012539 | 03/29/2025 | ej.1 | 03/29/2025 | Libros | 640-ECODOM | |||||
| Dewey Decimal Classification | General | Miguel Henríquez Emiliani | Miguel Henríquez Emiliani | General | 03/29/2025 | 012540 | 646.726 A639t | 012540 | 03/29/2025 | ej.2 | 03/29/2025 | Libros | 640-ECODOM |